000 00897nam a2200181Ia 4500
008 100921s9999 xx 000 0 und d
082 _b4018
_a806 थ 71
100 _aपोतदार दत्तो वामन.नवरे श्रीपाद शंकर.संपा.
245 _aमहाराष्ट्र साहित्य परिषद इतिहास.
260 _bमहाराष्ट्र साहित्य परिषद,पुणे.
_c1971
300 _a496
_b---
365 _b7.5
520 _aललित-संघटना,संमेलने.
630 _aमहाराष्ट्र साहित्य परिषद इतिहास.
650 _aललित-संघटना,संमेलने.
730 _aमहाराष्ट्र साहित्य परिषद इतिहास.
942 _cBOOK
999 _c753131
_d753128